000
00228nam a22000977a 4500
008
230304b |||||||| |||| 00| 0 eng d
245
_a
Daily Excelsior
260
_a
Jammu
_b
Excelsior House
_c
2023
300
_a
18
942
_2
ddc
_c
N
999
_c
19927
_d
19927